000 00741nam a2200181Ia 4500
008 090124s9999 xx 000 0 und d
082 _b20224
_a2023
100 _aकेळकर न. चि.
245 _a लो. टिळक यांच्या आठवणी व अख्यायिका खंड 1 ला
250 _a1
260 _c1924
300 _a11+262+253
600 _aकेळकर न. चि.
630 _a लो. टिळक यांच्या आठवणी व अख्यायिका खंड 1 ला
700 _aकेळकर न. चि.
730 _a लो. टिळक यांच्या आठवणी व अख्यायिका खंड 1 ला
942 _cBOOK
999 _c134032
_d134032